Electromagnetic vibrations, waves, and radiation
Αποθηκεύτηκε σε:
| Κύριοι συγγραφείς: | , |
|---|---|
| Μορφή: | Βιβλίο |
| Γλώσσα: | Αγγλικά |
| Έκδοση: |
Cambridge
The MIT Press
1977
|
| Έκδοση: | 1a. ed |
| Θέματα: | |
| Ετικέτες: |
Προσθήκη ετικέτας
Δεν υπάρχουν, Καταχωρήστε ετικέτα πρώτοι!
|
MARC
| LEADER | 00000cam a2200000 a 4500 | ||
|---|---|---|---|
| 001 | UCC0092 | ||
| 003 | CL-VaPUC | ||
| 008 | 170721e19770000us |||||||||||||||||eng|d | ||
| 020 | |a 9780262520478 | ||
| 082 | 0 | 4 | |a 530.141 |b BEK |2 21 |
| 100 | 0 | |a Bekefi, George |e author |9 594008 | |
| 700 | 0 | |a Barrett, Alan H |e author |9 594009 | |
| 245 | 1 | 0 | |a Electromagnetic vibrations, waves, and radiation |
| 250 | |a 1a. ed | ||
| 300 | |a 664 p | ||
| 942 | |c BK | ||
| 945 | |d 20170721 23:47:00 |a dcastane | ||
| 260 | |a Cambridge |b The MIT Press |c 1977 | ||
| 650 | 0 | |a Teoría electromagnética |9 260747 | |
| 650 | 0 | |a Electromagnetismo |9 260123 | |
| 650 | 7 | |a CAMPOS ELECTROMAGNETICOS |2 CL-VaPUC |9 264139 | |
| 583 | |a last modification |c 20170721 23:47:00 |k Rodrigo Vera | ||
| 999 | |c 369040 |d 369038 | ||
| 952 | |0 0 |1 0 |3 erb |4 0 |6 530_141000000000000_BEK_1977 |7 0 |8 A |9 484573 |a BIBCUR |b BIBCUR |i 5409179 |o 530.141 BEK 1977 |p 5409179 |r 2025-04-22 |w 2019-11-24 |y BK |z Catalogado en:20170721 |k FIS | ||
| 952 | |0 0 |1 0 |3 erb |4 0 |6 530_141000000000000_BEK_1977 |7 0 |8 A |9 484574 |a BIBCUR |b BIBCUR |i 5409160 |l 3 |o 530.141 BEK 1977 |p 5409160 |r 2025-04-22 |s 2023-09-07 |w 2019-11-24 |y BK |z Catalogado en:20170721 |k FIS | ||
| 952 | |0 0 |1 0 |3 erb |4 0 |6 530_141000000000000_BEK_1977 |7 0 |8 A |9 484575 |a BIBCUR |b BIBCUR |i 5409187 |o 530.141 BEK 1977 |p 5409187 |r 2025-04-22 |w 2019-11-24 |y BK |z Catalogado en:20170721 |k FIS | ||